000 00487 a2200193 4500
001 113943
020 _a9789561604933
041 _apor
090 _aEspanhol [Fic]
100 _aPrieto G., Álvaro.
250 _a. ed.
300 _a120 p.
697 _aLegends.
856 _u00000b/00000ba9.jfif
040 _aBR-BrIDEA
_cBR-BrIDEA
245 1 0 _aLa maravillosa historia del mundo y del fundo de segundo
_c Álvaro Prieto G.
260 _a[S.l.]
_bPehuén
_c2009
942 _cBK
999 _c113943
_d113943